[Event "Cappelle op 20th"]
[Site "Cappelle la Grande"]
[Date "2004.03.05"]
[Round "8"]
[White "Seel, Christian"]
[Black "Delahaye, Frederic"]
[Result "1-0"]
[WhiteElo "2380"]
[BlackElo "1989"]
[PlyCount "43"]
[EventDate "2004.02.28"]
[EventType "swiss"]
[EventRounds "9"]
[EventCountry "FRA"]
[SourceTitle "CBM 099 Extra"]
[Source "ChessBase"]
[SourceDate "2004.05.04"]
[SourceVersion "1"]
[SourceVersionDate "2004.05.04"]
[SourceQuality "1"]

1. Nf3 Nf6 2. c4 g6 3. Nc3 Bg7 4. d4 d5 5. Bg5 c6 6. e3 0-0 7. Be2 Ne4 8. Bh4 Nxc3 9. bxc3 Nd7 10. Qb3 Nf6 11. 0-0 e6 12. a4 Qa5 13. Nd2 Ne4 14. Nxe4 dxe4 15. c5 e5 16. Bc4 b6 17. Be7 exd4 18. exd4 Bf5 19. cxb6 axb6 20. Bxf8 Rxf8 21. Ra2 h5 22. Rb2 1-0

[Event "FRA-chT3 Gr8 0203"]
[Site "France"]
[Date "2002.10.13"]
[Round "1"]
[White "Naudin, Yvan"]
[Black "Delahaye, Frederic"]
[Result "1-0"]
[WhiteElo "2072"]
[BlackElo "2019"]
[PlyCount "47"]
[EventDate "2002.10.??"]
[EventType "team"]
[EventRounds "9"]
[EventCountry "FRA"]
[SourceTitle "EXT 2005"]
[Source "ChessBase"]
[SourceDate "2004.11.15"]
[SourceVersion "1"]
[SourceVersionDate "2004.11.15"]
[SourceQuality "1"]

1. d4 Nf6 2. c4 e5 3. dxe5 Ng4 4. e4 Nxe5 5. f4 Ng6 6. Be3 Bb4+ 7. Nc3 Bxc3+ 8. bxc3 Qe7 9. Bd3 Nc6 10. Qd2 d6 11. Nf3 Bd7 12. 0-0 0-0-0 13. Nd4 Rhe8 14. Rfe1 Kb8 15. Qb2 Nxd4 16. cxd4 Bc8 17. a4 c6 18. a5 f6 19. Ra3 f5 20. a6 b6 21. c5 dxc5 22. dxc5 Rxd3 23. Rxd3 fxe4 24. cxb6 1-0

[Event "FRA-chT3 Gr8 0102"]
[Site "France"]
[Date "2001.12.09"]
[Round "4"]
[White "Francois, Claude"]
[Black "Delahaye, Frederic"]
[Result "1-0"]
[WhiteElo "2091"]
[BlackElo "2065"]
[PlyCount "63"]
[EventDate "2001.10.??"]
[EventType "team"]
[EventRounds "9"]
[EventCountry "FRA"]
[SourceTitle "EXT 2005"]
[Source "ChessBase"]
[SourceDate "2004.11.15"]
[SourceVersion "1"]
[SourceVersionDate "2004.11.15"]
[SourceQuality "1"]

1. d4 Nf6 2. Nf3 e6 3. e3 Be7 4. Bd3 0-0 5. 0-0 d6 6. c3 Nbd7 7. Nbd2 b6 8. a4 a5 9. Qe2 c5 10. e4 Bb7 11. h3 e5 12. dxe5 Nxe5 13. Nxe5 dxe5 14. Nc4 Nd7 15. Ne3 Bg5 16. Rd1 Bxe3 17. Bxe3 Qc7 18. Bg5 Rfe8 19. Qg4 Nf8 20. Bc4 Bc8 21. Qe2 Ne6 22. Bb5 Rf8 23. Be3 f5 24. exf5 Rxf5 25. Bc4 Kf8 26. Qd3 Nf4 27. Bxf4 exf4 28. Qd8+ Qxd8 29. Rxd8+ Ke7 30. Rg8 Kf6 31. Rd1 Bb7 32. Rd6+ 1-0